Statistics for Belgium Immigration by Country

Click here to take the quiz!

General Stats

  • This quiz has been taken 801 times
    (350 since last reset)
  • The average score is 16 of 20

Answer Stats

# PeopleCountry of Origin% Correct
217,200France
98%
190,271Netherlands
98%
50,772Germany
97%
29,504United Kingdom
95%
78,745Spain
95%
278,877Italy
92%
340,359Morocco
86%
97,183Poland
86%
54,719Portugal
85%
161,581Turkey
85%
62,059Russia
84%
65,687D.R. Congo
82%
52,893Algeria
78%
27,267India
78%
120,929Romania
77%
35,626Syria
76%
46,876Bulgaria
70%
28,643Greece
70%
25,727Afghanistan
59%
24,267Cameroon
26%

Score Distribution

Percentile by Number Answered

Percent of People with Each Score

Your Score History

You have not taken this quiz since the last reset